000 00966 a2200169 4500
003 Nust
005 20230405092721.0
040 _cNust
082 _a954,KHA
100 _aKhan,Abdul Waheed
245 _aIndia Wins Freedom The Other Side /
_cAbdul Waheed Khan
260 _aKarachi
_b Pakistan Education Press
_c1961
300 _a404:p
505 _aThe Indian National Congress and its Leadership (Page-1), Azad as Historian (Page-14), Muslim Struggle for Independence (Page-35), League – Congress Relation in U.P. (Page-65), Political Developments During War (Page-100), Cripps Proposals –Quit ,Movement (Page-135), Political Parleys –General Elections (Page-181), Cabinet Mission- League Tussle (Page-216), Why Did the Congress Accept Partition ? (Page-258), The Anglo-Hindu Conspiracy (Page-298), Why the Conspiracy Failed ? (Page-347), Maulana Azads Opposition to Pakistan (Page-370).
650 _aIndia Feeedom
_9111738
942 _2ddc
_cBK
_k954,KHA
999 _c187378
_d187378